Fairness Concerns and Job Assignment to Positions with Different Surplus
Enregistré dans:
| Auteur principal: | |
|---|---|
| Autres auteurs: | , , |
| Format: | Chapitre de livre |
| Langue: | anglais |
| Sujets: | |
| Tags: |
Pas de tags, Soyez le premier à ajouter un tag!
|
MARC
| LEADER | 00000naa a2200000 4500 | ||
|---|---|---|---|
| 001 | 0283118 | ||
| 005 | 20240502083910.6 | ||
| 041 | 0 | |a eng | |
| 044 | |a US | ||
| 245 | 1 | 0 | |a Fairness Concerns and Job Assignment to Positions with Different Surplus |c Katarína Danková, Hodaka Morita, Maroš Servátka, Le Zhang |
| 610 | 2 | 0 | |a zamestnanci |
| 610 | 2 | 0 | |a zamestnávatelia |
| 610 | 2 | 0 | |a experimenty |
| 610 | 2 | 0 | |a spravodlivosť |
| 610 | 2 | 0 | |a miesta pracovné |
| 610 | 2 | 0 | |a zaradenie pracovné |
| 610 | 2 | 0 | |a mzdy |
| 610 | 2 | 0 | |a diferenciácia mzdová |
| 100 | 1 | |a Danková, Katarína | |
| 700 | 1 | |a Morita, Hodaka | |
| 700 | 1 | |a Servátka, Maroš, 1976- | |
| 700 | 1 | |a Zhang, Le | |